[Event "World School-ch U13 11th"]
[Site "Pattaya"]
[Date "2015.05.09"]
[Round "4"]
[White "Pangilinan, Stephen Rome"]
[Black "Keinanen, Toivo"]
[Result "0-1"]
[WhiteElo "1785"]
[BlackElo "2109"]
[PlyCount "104"]
[EventDate "2015.05.07"]
[EventType "swiss"]
[EventRounds "9"]
[EventCountry "THA"]
[SourceTitle "CBM 166 Extra"]
[Source "ChessBase"]
[SourceDate "2015.06.18"]
[SourceVersion "1"]
[SourceVersionDate "2015.06.18"]
[SourceQuality "1"]

1. e4 e6 2. d4 d5 3. Nd2 Nc6 4. c3 e5 5. exd5 Qxd5 6. Ngf3 exd4 7. Bc4 Qh5 8. 0-0 Be6 9. Qb3 0-0-0 10. Bxe6+ fxe6 11. Qxe6+ Kb8 12. cxd4 Bd6 13. d5 Nd4 14. Qe4 Nxf3+ 15. Nxf3 Nf6 16. Qd4 Nxd5 17. Be3 Nxe3 18. Qxe3 Rhe8 19. Qb3 Rf8 20. h3 g5 21. Nd4 Rde8 22. Nc6+ Ka8 23. Na5 Rb8 24. Qd5 Qh6 25. Rad1 g4 26. Rd3 Qg6 27. hxg4 Rfd8 28. g3 Be7 29. Qe5 Qxd3 30. Qxe7 Qd5 31. Qb4 h5 32. Nc4 hxg4 33. Ne3 Qd4 34. Qxd4 Rxd4 35. Rc1 c6 36. Rc5 Rg8 37. a3 Kb8 38. b4 Kc7 39. Rf5 Rg7 40. b5 Ra4 41. bxc6 Kxc6 42. Nc2 b6 43. Kg2 Kb7 44. f3 Rc4 45. Ne3 gxf3+ 46. Rxf3 Rc3 47. Nd5 Rxf3 48. Kxf3 Kc6 49. Nf4 Kb5 50. g4 Ka4 51. Ne6 Rg8 52. g5 Rg6 0-1

[Event "ASEAN-ch U12 15th"]
[Site "Taipa"]
[Date "2014.06.08"]
[Round "8"]
[White "Liu, Yutong"]
[Black "Pangilinan, Stephen Rome"]
[Result "0-1"]
[WhiteElo "1739"]
[BlackElo "1747"]
[PlyCount "132"]
[EventDate "2014.06.04"]
[EventType "swiss"]
[EventRounds "9"]
[EventCountry "MAC"]
[SourceTitle "CBM 160 Extra"]
[Source "ChessBase"]
[SourceDate "2014.07.01"]
[SourceVersion "1"]
[SourceVersionDate "2014.07.01"]
[SourceQuality "1"]

1. d4 d5 2. c4 c6 3. Nc3 Nf6 4. Nf3 a6 5. e3 Bf5 6. Nh4 Bg6 7. Nxg6 hxg6 8. Bd2 e6 9. g3 Bd6 10. Bg2 Nbd7 11. Qe2 0-0 12. 0-0 b5 13. c5 Bc7 14. f4 a5 15. Nd1 Ne4 16. Nf2 f5 17. Nd3 Ndf6 18. Be1 Kf7 19. Bf3 g5 20. Ne5+ Bxe5 21. fxe5 Nd7 22. Bxe4 dxe4 23. Qh5+ Kg8 24. g4 fxg4 25. Bg3 Qe8 26. Qxg5 Rf3 27. Bf4 Nf8 28. Qxg4 Qg6 29. Qxg6 Rxf1+ 30. Rxf1 Nxg6 31. Bg5 Ra7 32. Kg2 Kh7 33. h4 a4 34. Kg3 Rc7 35. Kg4 a3 36. b3 Kg8 37. Bd8 Rd7 38. Ba5 Ra7 39. Bb4 Ne7 40. Bd2 Nd5 41. b4 g6 42. Kg5 Kg7 43. Kg4 Ra8 44. Kg5 Rh8 45. Kg4 Rh5 46. Rf2 Rf5 47. Rxf5 exf5+ 48. Kg5 Nc7 49. Kf4 Kf7 50. Kg5 Ne6+ 51. Kh6 f4 52. d5 cxd5 53. exf4 d4 54. h5 gxh5 55. f5 d3 56. fxe6+ Kxe6 57. Bc1 h4 58. c6 h3 59. c7 Kd7 60. Kg7 h2 61. e6+ Kxc7 62. e7 h1Q 63. e8Q Qxc1 64. Qe7+ Kb8 65. Qd8+ Kb7 66. Qd5+ Qc6 0-1

[Event "ASEAN-ch U12 15th"]
[Site "Taipa"]
[Date "2014.06.05"]
[Round "3"]
[White "Pangilinan, Stephen Rome"]
[Black "Peng, Hongchi"]
[Result "0-1"]
[WhiteElo "1747"]
[BlackElo "2145"]
[PlyCount "82"]
[EventDate "2014.06.04"]
[EventType "swiss"]
[EventRounds "9"]
[EventCountry "MAC"]
[SourceTitle "CBM 160 Extra"]
[Source "ChessBase"]
[SourceDate "2014.07.01"]
[SourceVersion "1"]
[SourceVersionDate "2014.07.01"]
[SourceQuality "1"]

1. e4 c5 2. c3 d5 3. exd5 Qxd5 4. d4 Nf6 5. Be3 cxd4 6. cxd4 e6 7. Nc3 Qa5 8. a3 Be7 9. b4 Qd8 10. Nf3 0-0 11. Bd3 b6 12. 0-0 Bb7 13. Rc1 a5 14. Rb1 axb4 15. axb4 Nc6 16. Ne4 Nd5 17. b5 Ncb4 18. Rb3 Nxd3 19. Qxd3 h6 20. Ng3 Nb4 21. Qd1 Bd5 22. Rb1 Bc4 23. Re1 Bxb5 24. Ne5 Be8 25. Qg4 f5 26. Qf3 Nd5 27. Nh5 Ra3 28. g3 g5 29. h4 Qa8 30. Qe2 Nxe3 31. fxe3 Ra2 32. Rb2 Rxb2 33. Qxb2 Bxh5 34. Qxb6 Qd5 35. hxg5 hxg5 36. g4 fxg4 37. e4 Qa2 38. d5 Bc5+ 39. Qxc5 g3 40. Qxf8+ Kxf8 41. Rf1+ Kg8 0-1

[Event "PHI-ch U12"]
[Site "San Antonio"]
[Date "2014.04.24"]
[Round "7"]
[White "Pangilinan, Stephen Rome"]
[Black "Vencislao, Gleribhoy"]
[Result "1-0"]
[WhiteElo "2060"]
[BlackElo "1789"]
[PlyCount "85"]
[EventDate "2014.04.21"]
[EventType "swiss"]
[EventRounds "13"]
[EventCountry "PHI"]
[SourceTitle "CBM 160 Extra"]
[Source "ChessBase"]
[SourceDate "2014.07.01"]
[SourceVersion "1"]
[SourceVersionDate "2014.07.01"]
[SourceQuality "1"]

1. e4 c6 2. d4 d5 3. exd5 cxd5 4. Nf3 Nc6 5. Bd3 Bg4 6. c3 Qc7 7. 0-0 e6 8. Re1 Bd6 9. Nbd2 Bxh2+ 10. Kh1 Bd6 11. Nf1 Nf6 12. Bg5 Nd7 13. Ne3 Bxf3 14. Qxf3 Be7 15. Nxd5 exd5 16. Rxe7+ Nxe7 17. Re1 0-0 18. Rxe7 h6 19. Bxh6 Qd6 20. Bg5 f6 21. Qh5 f5 22. Qh3 Nf6 23. Re2 Ne4 24. Bh4 Rf7 25. f3 g5 26. fxe4 Rh7 27. e5 Qe7 28. Qxf5 Rxh4+ 29. Kg1 Rf4 30. Qg6+ Qg7 31. e6 Rf6 32. Qxg7+ Kxg7 33. e7 Kf7 34. Bb5 Rc6 35. Bxc6 bxc6 36. Kf2 Re8 37. Kf3 Rxe7 38. Rxe7+ Kxe7 39. Kg4 Kf6 40. Kh5 Kf5 41. g4+ Kf4 42. a4 a5 43. b4 1-0

[Event "PHI-ch U12"]
[Site "San Antonio"]
[Date "2014.04.22"]
[Round "3"]
[White "Pangilinan, Stephen Rome"]
[Black "Comendador, Marc Jason"]
[Result "1/2-1/2"]
[WhiteElo "2060"]
[BlackElo "1797"]
[PlyCount "105"]
[EventDate "2014.04.21"]
[EventType "swiss"]
[EventRounds "13"]
[EventCountry "PHI"]
[SourceTitle "CBM 160 Extra"]
[Source "ChessBase"]
[SourceDate "2014.07.01"]
[SourceVersion "1"]
[SourceVersionDate "2014.07.01"]
[SourceQuality "1"]

1. e4 e5 2. Nf3 d6 3. d4 exd4 4. Nxd4 Nf6 5. Nc3 Be7 6. Bc4 0-0 7. f3 c6 8. 0-0 Nbd7 9. Bf4 Qb6 10. Bb3 Nc5 11. Kh1 Nxb3 12. axb3 Qc7 13. Qe2 Nh5 14. Be3 a6 15. b4 Nf6 16. b5 c5 17. Nb3 Be6 18. bxa6 Bxb3 19. cxb3 bxa6 20. Rxa6 Qb7 21. Rxa8 Rxa8 22. Qc4 h6 23. Na4 Nd7 24. Bf4 Rb8 25. Rd1 Ne5 26. Bxe5 dxe5 27. Rd3 Qc7 28. Rd5 Rb4 29. Qc3 Rd4 30. g3 Kh7 31. Qc2 Qa5 32. Nxc5 Bxc5 33. Qxc5 Qe1+ 34. Kg2 Qe2+ 35. Kh3 f5 36. Qc1 Qxf3 37. Rxe5 Qh5+ 38. Kg2 Qe2+ 39. Kh3 Rd2 40. Rxf5 h5 41. Qxd2 Qxd2 42. Rxh5+ Kg6 43. Rf5 Qxb2 44. Rf4 Qxb3 45. Kg2 Qc2+ 46. Kg1 Qe2 47. Kh1 Kh5 48. Rh4+ Kg5 49. Rf4 g6 50. Kg1 Kh5 51. Rh4+ Kg5 52. Rf4 Kh6 53. h4 1/2-1/2